Social psychology / (Record no. 12711)

000 -LEADER
fixed length control field 00427cam a22001694a 4500
020 ## - INTERNATIONAL STANDARD BOOK NUMBER
ISBN 0205279562
040 ## - CATALOGING SOURCE
Transcribing agency DLC
082 ## - DEWEY DECIMAL CLASSIFICATION NUMBER
Classification number 302 ALL 2000 A021 Or.
100 1# - MAIN ENTRY--AUTHOR NAME
Personal name Baron, Robert A
245 10 - TITLE STATEMENT
Title Social psychology /
250 ## - EDITION STATEMENT
Edition statement 9th ed
260 ## - PUBLICATION, DISTRIBUTION, ETC. (IMPRINT)
Place of publication Boston :
Name of publisher Allyn and Bacon,
Year of publication c2000
300 ## - PHYSICAL DESCRIPTION
Number of Pages xxvi, 678 p. :
Other physical details ill. (chiefly col.)
Dimensions 29 cm
650 #0 - SUBJECT ADDED ENTRY--TOPICAL TERM
Topical Term Social psychology
700 1# - ADDED ENTRY--PERSONAL NAME
Personal name Byrne, Donn Erwin
942 ## - ADDED ENTRY ELEMENTS (KOHA)
Koha item type សៀវភៅភាសាអង់គ្លេស
952 ## - LOCATION AND ITEM INFORMATION (KOHA)
Withdrawn status [LOCAL, KOHA] 0
Holdings
Permanent Location Date acquired Koha item type Lost status Shelving location Barcode Current Location Full call number
Library Block A2017-08-16សៀវភៅភាសាអង់គ្លេស A021A16338Library Block A302 ALL 2000 A021 Or.
មជ្ឈមណ្ឌលឯការនៃសាកលវិទ្យាល័យភូមិន្ទកសិកម្មចំការដូង

Powered by Koha